000 00339nam a2200145Ia 4500
008 150201s1998 xx 000 0 und d
082 _a616.57
_bA1998H
100 _aHIGASHI
245 _aATLAS OF ORAL DIAGNOSIS IMAGING
250 _a1ST
260 _bAIPD
_aDELHI
_c1998
300 _a1-270
650 _aORAL MEDICINE
942 _2ddc
_cBK
999 _c4690
_d4690